• Romero, Elena,

di Personal Name

Records bibliografici associati: 1

001 - CONTROL NUMBER

  • control field: 59505

003 - CONTROL NUMBER IDENTIFIER

  • control field: IT-RoINE

005 - DATE AND TIME OF LATEST TRANSACTION

  • control field: 20190508100453.0

008 - FIXED-LENGTH DATA ELEMENTS

  • fixed length control field: 190508|| aca||aabn | a|a d

040 ## - CATALOGING SOURCE

  • Original cataloging agency: IT-RoINE
  • Transcribing agency: IT-RoINE

100 ## - HEADING--PERSONAL NAME

  • Personal name: Romero, Elena,
  • Dates associated with a name: 1942-

670 ## - SOURCE DATA FOUND

  • Source citation: Work cat.: (IT-RoINE): Romero, Elena, 1942-, La creación literaria en lengua sefardí / , 1992.